书目信息 |
| 题名: |
诗经选译
|
|
| 作者: | 程俊英 , 蒋见元 译注 | |
| 分册: | ||
| 出版信息: | 成都 巴蜀书社 1990.06 |
|
| 页数: | 312页 | |
| 开本: | 19cm | |
| 丛书名: | 古代文史名著选译丛书 | |
| 单 册: | ||
| 中图分类: | Z121.7 | |
| 科图分类: | ||
| 主题词: | 丛书--中国 , 丛书--中国 | |
| 电子资源: | ||
| ISBN: | 7-80523-375-8 | |
| 000 | 00747nam0 2200253 450 | |
| 001 | 0834142179 | |
| 005 | 20080109093144.10 | |
| 010 | @a7-80523-375-8@dCNY2.80 | |
| 100 | @a20080109d1990 km y0chiy0120 ea | |
| 101 | 0 | @achi |
| 102 | @aCN@b510000 | |
| 200 | 1 | @a诗经选译@Ashi jing xuan yi@f程俊英,蒋见元译注@Fcheng jun ying,jiang jian yuan yi zhu |
| 210 | @a成都@c巴蜀书社@d1990.06 | |
| 215 | @a312页@d19cm | |
| 225 | 2 | @a古代文史名著选译丛书@i先秦两汉 |
| 410 | 0 | @12001 @a古代文史名著选译丛书 |
| 410 | 0 | @12001 @a先秦两汉 |
| 606 | 0 | @a丛书@x中国 |
| 606 | 0 | @a丛书@x中国 |
| 690 | @aZ121.7@v4 | |
| 701 | 0 | @a程俊英@Acheng jun ying@4译注 |
| 701 | 0 | @a蒋见元@Ajiang jian yuan@4译注 |
| 801 | 0 | @aCN@bPFT@c20080109 |
| 905 | @aBZT@dZ121.7@e17 | |
| 诗经选译/程俊英,蒋见元译注.-成都:巴蜀书社,1990.06 |
| 312页;19cm.-(古代文史名著选译丛书.先秦两汉) |
| ISBN 7-80523-375-8:CNY2.80 |
| ● |
| 相关链接 |
|
|
|
正题名:诗经选译
索取号:Z121.7/17
 
预约/预借
| 序号 | 登录号 | 条形码 | 馆藏地/架位号 | 状态 | 备注 |
| 1 | 004390 | 220003664 | 中心书库北库/ 北库001架B面1列3层25/ [索取号:Z121.7/17] | 在馆 | |
| 2 | 004391 | 220003663 | 中心书库北库/ 北库001架B面1列3层62/ [索取号:Z121.7/17] | 在馆 |